Statistics for UFC FIGHTER BY PICTURE #5

Click here to take the quiz!

General Stats

  • This quiz has been taken 321 times
  • The average score is 10 of 16

Answer Stats

Answer% Correct
Tony Ferguson
96%
Nick Diaz
91%
Henry Cejudo
89%
Alexander Gustafsson
80%
Brian Ortega
80%
Dricus Du Plessis
76%
Curtis Blaydes
69%
Quinton Jackson
64%
Robbie Lawler
63%
Fedor Emelianenko
61%
Lyoto Machida
56%
Jailton Almeida
48%
Chris Weidman
45%
Giga Chikadze
40%
Joseph Benavidez
25%
Shane Carwin
12%

Score Distribution

Percentile by Number Answered

Percent of People with Each Score

Your Score History

You have not taken this quiz